Statistics for Olympique Lyonnais Squad 2014-2015

Click here to take the quiz!

General Stats

  • This quiz has been taken 122 times
    (107 since last reset)
  • The average score is 17 of 28

Answer Stats

Nbr Post Nationality Player % Correct
10FWFranceAlexandre Lacazette
99%
1GKPortugalAnthony Lopes
95%
21MFFranceMaxime Gonalons
90%
18MFFranceNabil Fekir
89%
5DFSerbiaMilan Bisevac
88%
4DFBurkinaBakary Koné
84%
24MFFranceCorentin Tolisso
80%
13DFFranceChristophe Jallet
78%
7MFFranceClément Grenier
75%
23DFFranceSamuel Umtiti
74%
8MFFranceYoann Gourcuff
73%
12MFFranceJordan Ferri
73%
3DFCameroonHenri Bedimo
72%
30GKFranceMathieu Gorgelin
68%
20FWCameroonClinton N'Jie
68%
11MFFranceRachid Ghezzal
57%
6MFFranceGueïda Fofana
53%
17MFFranceSteed Malbranque
52%
27FWFranceMaxwel Cornet
51%
25FWFranceYassine Benzia
43%
22DFFranceLindsay Rose
42%
14DFFranceMouhamadou Dabo
40%
2DFFranceMehdi Zeffane
36%
28MFFranceArnold Mvuemba
36%
19FWFranceMohamed Yattara
33%
29MFFranceFares Bahlouli
26%
32FWFranceZakarie Labidi
16%
40GKBelgiumThéo Defourny
7%

Score Distribution

Percentile by Number Answered

Percent of People with Each Score

Your Score History

You have not taken this quiz since the last reset